000 00763cam a22002653a 4500
001 19513
003 PGUSA
005 20140828083420.0
008 061011s2006||||xxu|||||s|||||000 1 eng d
040 _aPGUSA
_beng
042 _adc
050 4 _aPQ
100 1 _aVerne, Jules,
_d1828-1905
245 1 2 _aA Journey to the Center of the Earth
_h[electronic resource] /
_cJules Verne
260 _bProject Gutenberg,
_c2006
506 _aPublic domain in the USA.
516 _aElectronic text
653 _aVoyages, Imaginary -- Fiction
653 _aScience fiction
653 _aAdventure stories
653 _aEarth (Planet) -- Core -- Fiction
830 0 _aProject Gutenberg
_v19513
856 4 0 _uhttp://www.gutenberg.org/ebooks/19513
942 _cEB
999 _c248768
_d248768